|
|
|
|
| LEADER |
00000nam0a2200000 4500 |
| 001 |
301485 |
| 005 |
20231102001415.0 |
| 020 |
|
|
|a RU
|b 82-23220
|
| 035 |
|
|
|a (RuTPU)RU\TPU\book\326657
|
| 090 |
|
|
|a 301485
|
| 100 |
|
|
|a 20150731d1982 k a0rusy5003 ca
|
| 101 |
0 |
|
|a rus
|
| 102 |
|
|
|a UA
|
| 105 |
|
|
|a a z 001zy
|
| 200 |
1 |
|
|a Токсичность ГТД и перспективы применения водорода
|f П. М. Канило
|g Академия наук Украинской ССР (АН УССР), Институт проблем машиностроения им. А. Н. Подгорного (ИПМаш)
|
| 210 |
|
|
|a Киев
|c Наукова думка
|d 1982
|
| 215 |
|
|
|a 138 с.
|c ил.
|
| 320 |
|
|
|a Библиогр.: с. 132-136
|
| 606 |
|
|
|a Газотурбинные двигатели
|x Камеры сгорания
|2 stltpush
|3 (RuTPU)RU\TPU\subj\5232
|9 33357
|
| 606 |
|
|
|a Водород
|x Топливоиспользование
|2 stltpush
|3 (RuTPU)RU\TPU\subj\33336
|9 55609
|
| 610 |
1 |
|
|a выхлопные газы
|
| 610 |
1 |
|
|a токсичность
|
| 610 |
1 |
|
|a применение
|
| 610 |
1 |
|
|a расчет
|
| 675 |
|
|
|a 621.452.3
|v 3
|
| 675 |
|
|
|a 662.76
|v 3
|
| 700 |
|
1 |
|a Канило
|b П. М.
|g Павел Макарович
|
| 712 |
0 |
2 |
|a Академия наук Украинской ССР (АН УССР)
|b Институт проблем машиностроения им. А. Н. Подгорного (ИПМаш)
|c (Харьков)
|2 stltpush
|3 (RuTPU)RU\TPU\col\11523
|
| 801 |
|
0 |
|a RU
|b RuMRKP
|c 19950704
|g psbo
|
| 801 |
|
1 |
|a RU
|b 63413507
|c 20150731
|
| 801 |
|
2 |
|a RU
|b 63413507
|c 20180514
|g RCR
|
| 942 |
|
|
|c BK
|